Tokoh-tokoh kesarjanaan sains Islam

Bibliographic Details
Main Author: Mahmood Zuhdi Hj. Ab. Majid
Format: Book
Published: Kuala Lumpur : Dewan Bahasa dan Pustaka , 2000
Subjects:

MARC

LEADER 00000cam a2200000 7i4500
001 0000015559
005 20080331.0
008 080331
020 |a 9836258116 
090 0 0 |a 922.97   |b MAH 
100 0 |a Mahmood Zuhdi Hj. Ab. Majid 
245 1 0 |a Tokoh-tokoh kesarjanaan sains Islam   |c Mahmood Zuhdi Hj. Ab. Majid 
260 |a Kuala Lumpur :   |b Dewan Bahasa dan Pustaka ,   |c 2000 
650 0 |a Islam and science 
650 0 |a Muslim philosophers   |x biography 
650 0 |a Science   |x Philosophy 
999 |a 0001018228   |b Book   |c Adult Collection   |e Perbadanan Perpustakaan Awam Johor